La tierra para el que la trabaja: género, sexualidad y movimientos campesinos en la Reforma Agraria chilena

Bewaard in:
Bibliografische gegevens
Hoofdauteur: Tinsman, Heidi
Formaat: Boek
Taal:Spaans
Gepubliceerd in: Santiago, Chile LOM 2009
Editie:1a. ed
Reeks:Colección Historia
Onderwerpen:
Tags: Voeg label toe
Geen labels, Wees de eerste die dit record labelt!

MARC

LEADER 00000nam a2200000 a 4500
001 UCG0979
003 CL-VaPUC
005 20230331074322.0
008 100415e20090000CL |||||||||||||||||spa|d
999 |c 340460  |d 340458 
020 |a 9789560000286 
040 |c Pontificia Universidad Católica de Valparaíso 
082 0 4 |a 305 TIN 2009  |2 21 
100 0 |a Tinsman, Heidi  |9 548699 
245 1 3 |a La tierra para el que la trabaja: género, sexualidad y movimientos campesinos en la Reforma Agraria chilena 
250 |a 1a. ed 
260 0 3 |a Santiago, Chile  |b LOM  |c 2009 
300 |a 336 páginas 
490 0 |a Colección Historia 
583 |a last modification  |c 20131230 07:07:46  |k Rodrigo Vera 
650 0 |a REFORMA AGRARIA  |9 256789 
650 7 |a TRABAJADORAS AGRICOLAS  |2 CL-VaPUC  |9 538821 
650 7 |a TRABAJADORES AGRICOLAS  |2 CL-VaPUC  |9 315709 
650 0 |a Condiciones sociales   |9 257278 
650 7 |a PODER ECONOMICO  |2 CL-VaPUC  |9 338221 
650 0 |a Abuso de poder  |9 324689 
650 0 |a Unidad popular  |9 317409 
650 0 |a Historia de Chile siglo 20  |z SIGLO 20  |9 268145 
942 |c BK  |2 ddc 
945 |d 20100415 00:00:00  |a cmena 
952 |0 0  |1 0  |2 ddc  |4 0  |6 305_000000000000000_TIN_2009  |7 0  |8 C  |9 435230  |a BIBCUR  |b BIBCUR  |d 2019-11-22  |i 4662016  |o 305 TIN 2009  |p 4662016  |r 2025-04-22  |t 1  |w 2019-11-22  |y BK  |k CAC